[Event "Manila ol (Women)"]
[Site "Manila"]
[Date "1992.??.??"]
[Round "?"]
[White "Carvalho, Alda"]
[Black "Putra, Ger Johns"]
[Result "0-1"]
[WhiteElo "2000"]
[BlackElo "2005"]

1.e4 c5 2.Nf3 Nc6 3.Bb5 d6 4.O-O a6 5.Bxc6+ bxc6 6.b3 Nf6 7.e5 dxe5 8.Nxe5 Qd4
9.Re1 Qxa1 10.Nc3 Be6 11.Qe2 Nd5 12.Qf3 Rc8 13.Na4 Qxa2 14.Nxc5 Nf6 15.Nxe6 fxe6
16.Nxc6 Qxc2 17.Nd4 Qxc1  0-1

[Event "Manila ol (Men)"]
[Site "Manila"]
[Date "1992.??.??"]
[Round "?"]
[White "Zarnicki, Pablo"]
[Black "Podlesnik, Bogdan"]
[Result "1/2-1/2"]
[WhiteElo "2385"]
[BlackElo "2370"]

1.e4 c5 2.Nf3 Nc6 3.Bb5 e6 4.O-O Nge7 5.c3 d5 6.exd5 Qxd5 7.d4 cxd4 8.Nxd4 Bd7
9.Re1 Nxd4 10.Bxd7+ Qxd7 11.cxd4 Nd5 12.Nc3 Be7 13.Nxd5 Qxd5 14.Re5 Qd7 15.d5 Bf6
16.Re1 Rd8 17.Bf4 Qxd5 18.Qa4+ b5 19.Qa3 Qd3 20.Qc5 Qc4 21.Qxc4 bxc4 22.Rac1 Bxb2
23.Rxc4 Bd4 24.g3 O-O 25.Be3 Bxe3 26.Rxe3 Rd7 27.Ra3 Rb8 28.Rca4 Rbb7 29.Kg2 g6
30.h4 Kg7 31.Ra5 f5 32.Ra6 Kf6 33.R6a5 h6 34.Ra6 g5 35.hxg5+ hxg5 36.Re3 Rb6
37.Rxb6 axb6 38.Rb3 Rd6 39.Rb5 g4 40.a4 Rd4 41.Rxb6 Rxa4 42.Rb5 Ra1 43.Rc5 Rd1
44.Ra5 Rd5 45.Ra2 Ke5 46.Re2+ Kd6 47.Ra2 Rd1 48.Ra5 Rc1 49.Rb5 Rc5 50.Rb2 Kd5
51.Rd2+ Ke5 52.Re2+ Kf6 53.Re3 e5 54.Ra3 Ke6 55.Rd3 Rc2 56.Kg1 f4 57.gxf4 exf4
58.Ra3 Ke5 59.Ra4 Rd2 60.Rb4 Kf5 61.Rb8 Ke4 62.Rb4+ Rd4 63.Rb2 Kf3 64.Rb3+ Ke2
65.Kg2 Rd1 66.Rb2+ Kd3 67.Rb3+ Ke4 68.Rb4+ Ke5 69.Ra4 Rd2 70.Ra5+ Kf6 71.Kg1 Re2
72.Rb5 Re5 73.Rb4 Kg5 74.Ra4 Rb5 75.Kg2 Rb2 76.Kg1 Rb1+ 77.Kg2 Rd1 78.Rb4 f3+
79.Kh2 Kh4 80.Rxg4+ Kxg4  1/2-1/2

[Event "Manila ol (Men)"]
[Site "Manila"]
[Date "1992.??.??"]
[Round "?"]
[White "Zarnicki, Pablo"]
[Black "Espinoza Flores, Rafael"]
[Result "1/2-1/2"]
[WhiteElo "2385"]
[BlackElo "2430"]

1.e4 c5 2.Nf3 Nc6 3.Bb5 g6 4.O-O Bg7 5.Re1 e5 6.Bxc6 dxc6 7.d3 f6 8.Be3 Qe7
9.Nbd2 Nh6 10.Nc4 Nf7 11.a3 Be6 12.Qd2 Bg4 13.Kh1 Bxf3 14.gxf3 Ng5 15.Bxg5 fxg5
16.Rg1  1/2-1/2

[Event "Manila ol (Men)"]
[Site "Manila"]
[Date "1992.??.??"]
[Round "?"]
[White "Hernandez, Gilberto"]
[Black "Rahman, Ziaur"]
[Result "0-1"]
[WhiteElo "2495"]
[BlackElo "2360"]

1.e4 c5 2.Nf3 Nc6 3.Bb5 Qb6 4.Ba4 g6 5.O-O Bg7 6.c3 e6 7.Na3 Nge7 8.Qe2 O-O
9.d3 d6 10.Be3 h6 11.Nc4 Qc7 12.d4 b6 13.Na3 a6 14.Qd2 Kh7 15.Rad1 b5 16.Bc2 cxd4
17.cxd4 Bb7 18.Bb1 Rac8 19.h4 e5 20.h5 gxh5 21.dxe5 dxe5 22.Qe2 Ng6 23.Nh2 Nf4
24.Qf3 h4 25.Qg4 f5 26.exf5 Bf6 27.Bxf4 Rg8 28.Qg6+ Rxg6 29.fxg6+ Kg7 30.Be3 h5
31.Nf3 Rd8 32.Ng5 Bxg5 33.Bxg5 Rxd1 34.Rxd1 Nd4 35.Bxh4 b4  0-1

[Event "Manila ol (Men)"]
[Site "Manila"]
[Date "1992.??.??"]
[Round "?"]
[White "Norri, Joose"]
[Black "Muir, Andrew J"]
[Result "1-0"]
[WhiteElo "2395"]
[BlackElo "2375"]

1.e4 c5 2.Nf3 Nc6 3.Bb5 g6 4.O-O Bg7 5.c3 Nf6 6.d4 cxd4 7.cxd4 Nxe4 8.d5 Nd6
9.Ba4 Nb4 10.Nc3 O-O 11.Re1 b6 12.a3 Na6 13.Bg5 Re8 14.h4 Bb7 15.h5 Rc8 16.Bc2 Rxc3
17.bxc3 Bxc3 18.hxg6 hxg6 19.Bxg6 Nc7 20.Bc2 Bxa1 21.Ne5 Bxd5 22.Qh5 f5 23.Qg6+ Kh8
24.Re3  1-0

[Event "Manila ol (Men)"]
[Site "Manila"]
[Date "1992.??.??"]
[Round "?"]
[White "Polaczek, Richard"]
[Black "Liang Jinrong"]
[Result "1/2-1/2"]
[WhiteElo "2410"]
[BlackElo "2465"]

1.e4 c5 2.Nf3 Nc6 3.Bb5 d6 4.O-O Bd7 5.Re1 Nf6 6.c3 a6 7.Bf1 Bg4 8.d3 g6
9.Nbd2 Bh6 10.h3 Bxf3 11.Nxf3 Bxc1 12.Rxc1 O-O 13.d4 e5 14.Bc4 Rc8 15.Bd5 cxd4
16.Bxc6 Rxc6 17.cxd4 Rxc1 18.Qxc1 exd4 19.Qd2 Qb6 20.Qxd4 Qxd4 21.Nxd4 Rc8
22.f3 Nd7 23.Rd1 Kf8 24.Kf2 Ke7 25.Rd2 Rc5 26.Ne2  1/2-1/2

[Event "Manila ol (Men)"]
[Site "Manila"]
[Date "1992.??.??"]
[Round "?"]
[White "Komliakov, Viktor"]
[Black "Bern, Ivar"]
[Result "0-1"]
[WhiteElo "2415"]
[BlackElo "2395"]

1.e4 c5 2.Nf3 Nc6 3.Bb5 Nf6 4.Bxc6 dxc6 5.d3 g6 6.g3 Bg7 7.Nc3 Qc7 8.Be3 b6
9.Qd2 e5 10.a4 a5 11.Bh6 O-O 12.g4 Ne8 13.Bxg7 Nxg7 14.O-O-O Ne6 15.h4 Nd4
16.Nh2 Be6 17.Qe3 b5 18.h5 Rad8 19.axb5 cxb5 20.g5 c4 21.Kb1 cxd3 22.Qxd3 b4
23.Nb5 Qc6 24.Nxd4 Rxd4 25.Qe2 Rxe4 26.Qf3 Bf5 27.Rd2 b3 28.Rc1 Qa4 29.cxb3 Rf4+
30.Rcc2 Rxf3 31.bxa4 Rh3 32.f3 Rc8 33.Ng4 Bxc2+ 34.Rxc2  0-1

[Event "Manila ol (Men)"]
[Site "Manila"]
[Date "1992.??.??"]
[Round "?"]
[White "Antunes, Antonio"]
[Black "Antonio, Rogelio Jr"]
[Result "0-1"]
[WhiteElo "2465"]
[BlackElo "2500"]

1.e4 c5 2.Nf3 Nc6 3.Bb5 e6 4.Bxc6 bxc6 5.O-O Ne7 6.b3 Ng6 7.Ba3 e5 8.c3 Ba6
9.Re1 Nf4 10.g3 Ng6 11.d4 h5 12.Bxc5 d6 13.Ba3 h4 14.dxe5 hxg3 15.fxg3 Nxe5
16.Nxe5 dxe5 17.Qxd8+ Rxd8 18.Bxf8 Rxf8 19.a3 Rd3 20.Ra2 Ke7 21.Rb2 g5 22.c4 g4
23.Nd2 Rfd8 24.Nf1 Rc3 25.Kf2 Rf3+ 26.Kg2 Rc3 27.Kf2 Rf3+ 28.Kg2 Rc3 29.Re3 Rc1
30.Rd2 Rd4 31.Red3 c5 32.Ne3 Bb7 33.Nd5+ Ke6 34.Rxd4 exd4 35.h3 gxh3+ 36.Kxh3 Ke5
37.Rf2 d3 38.Kg2 Rc2 39.Kf3 Bxd5 40.exd5 d2 41.Re2+ Kd6  0-1

[Event "Manila ol (Men)"]
[Site "Manila"]
[Date "1992.??.??"]
[Round "?"]
[White "Torre, Eugenio"]
[Black "Kotronias, Vasilios"]
[Result "1/2-1/2"]
[WhiteElo "2555"]
[BlackElo "2560"]

1.e4 c5 2.Nf3 Nc6 3.Bb5 g6 4.O-O Bg7 5.c3 Nf6 6.Re1 O-O 7.d4 d5 8.exd5 Qxd5
9.c4 Qd6 10.dxc5 Qxd1 11.Rxd1 Ne4 12.Bxc6 bxc6 13.Na3 Bg4 14.Nc2 Nxc5 15.Ncd4 Rfc8
16.Re1 Nd3 17.Rxe7 c5 18.Nb5 Bf6 19.Re2 Bxf3 20.gxf3 Ne5 21.Nd6 Nxf3+ 22.Kg2 Nd4
23.Re4 Rc6 24.Nb5 Nf5 25.Rb1 Kg7 26.Bf4  1/2-1/2

[Event "Manila ol (Men)"]
[Site "Manila"]
[Date "1992.??.??"]
[Round "?"]
[White "Torre, Eugenio"]
[Black "Campos Moreno, Javier B"]
[Result "1/2-1/2"]
[WhiteElo "2555"]
[BlackElo "2505"]

1.e4 c5 2.Nf3 Nc6 3.Bb5 g6 4.O-O Bg7 5.c3 Nf6 6.Re1 O-O 7.h3 e5 8.d3 d6 9.a3 a6
10.Bc4 b5 11.Ba2 Qe7 12.Bg5 Be6 13.Nbd2 h6 14.Bxf6 Qxf6 15.a4 h5 16.Bd5 Bxd5
17.exd5 Na7 18.axb5 Nxb5 19.Nc4 Qe7 20.Na5 Na7 21.Qa4 Qc7 22.Rab1 Rfb8 23.Nd2 Bf8
24.Nac4 Nb5 25.Nb3 Qb7 26.Ne3 Nc7 27.Na5 Qb5 28.Qa2 Qxd3 29.c4 Qe4 30.Nc6 Rb7
31.Qa4 Qh4 32.b4 cxb4 33.Rxb4 Rxb4 34.Nxb4 Qd8 35.Nc6 Qc8 36.Rb1 Kh7 37.Rb6 Bh6
38.Qa3 Ne8 39.Nc2 Qf5 40.Qa2 Qe4 41.Rb7 Kg7 42.Re7 h4 43.Qb3 Qe2 44.Ne3 Bxe3
45.fxe3 Nf6 46.Rxf7+ Kxf7 47.Qb7+ Kf8 48.Qxa8+ Kg7 49.Nd8 Qxe3+ 50.Kh2 Nh7
51.Ne6+ Kh6 52.Qg8 Qg3+  1/2-1/2

[Event "Manila ol (Men)"]
[Site "Manila"]
[Date "1992.??.??"]
[Round "?"]
[White "Timman, Jan H"]
[Black "Akopian, Vladimir"]
[Result "0-1"]
[WhiteElo "2620"]
[BlackElo "2605"]

1.e4 c5 2.Nf3 Nc6 3.Bb5 d6 4.O-O Bd7 5.c3 Nf6 6.Re1 a6 7.Bf1 Bg4 8.d3 e6
9.h3 Bh5 10.Bf4 Be7 11.Nbd2 O-O 12.Qe2 b5 13.a3 Re8 14.g4 Bg6 15.Bg2 Rc8
16.Rad1 h6 17.Bg3 Nd7 18.Nf1 Bh7 19.Ne3 Nf8 20.Nh2 e5 21.f4 exf4 22.Bxf4 Bh4
23.Rf1 g5 24.Qf3 gxf4 25.Qxf4 Ne5 26.Nd5 Qg5  0-1

[Event "Manila ol (Men)"]
[Site "Manila"]
[Date "1992.??.??"]
[Round "?"]
[White "Hracek, Zbynek"]
[Black "Minasian, Artashes"]
[Result "0-1"]
[WhiteElo "2460"]
[BlackElo "2545"]

1.e4 c5 2.Nf3 Nc6 3.Bb5 Na5 4.c3 a6 5.Ba4 e6 6.O-O b5 7.Bc2 Bb7 8.d4 cxd4
9.cxd4 Nf6 10.Qe2 Rc8 11.Bd3 Be7 12.Nc3 d5 13.e5 Nd7 14.Bf4 Nb8 15.g3 Bc6
16.a3 Bb7 17.h4 Nbc6 18.Rad1 Nc4 19.Bxc4 bxc4 20.Bg5 Qa5 21.Bxe7 Nxe7 22.Qe3 h6
23.h5 Rb8 24.Rd2 Bc8 25.Nh4 Rb3 26.f4 g6 27.hxg6 fxg6 28.g4 h5 29.g5 O-O
30.f5 exf5 31.e6 Rb6 32.Re1 Rxe6 33.Qf2 Re4 34.Rxe4 fxe4 35.Qh2 e3 36.Rd1 Bg4
37.Qd6 e2 38.Qxe7 exd1=Q+ 39.Nxd1 Bxd1 40.Qe6+ Rf7 41.Qxg6+ Kf8 42.Qd6+ Ke8
43.Qe6+ Re7 44.Qc6+ Kf7 45.b4 Qc7 46.Qg6+ Kf8 47.Nf5 Rf7 48.Nd6  0-1

[Event "Mar del Plata op"]
[Site "Mar del Plata"]
[Date "1992.??.??"]
[Round "3"]
[White "Spangenberg, Hugo"]
[Black "Kanefsck, Gustavo"]
[Result "1-0"]
[WhiteElo "2305"]
[BlackElo "2385"]

1.e4 c5 2.Nf3 Nc6 3.Bb5 g6 4.O-O Bg7 5.c3 Nf6 6.Re1 a6 7.Bxc6 dxc6 8.h3 O-O
9.d4 cxd4 10.cxd4 c5 11.d5 b5 12.Nc3 Bb7 13.Bf4 Rc8 14.Qc2 Qa5 15.Rad1 Rfd8
16.a3 e6 17.Bg5 b4 18.e5 Nxd5 19.Bxd8 Qxd8 20.Ne4 Ba8 21.Nd6 Rc6 22.Nc4 h6
23.Nfd2 Qg5 24.Ne4 Qf5 25.Ne3 Nxe3 26.Rd8+ Kh7 27.Rxe3 Bb7 28.Rf3  1-0

[Event "Mar del Plata op"]
[Site "Mar del Plata"]
[Date "1992.??.??"]
[Round "4"]
[White "Matsuura, Everaldo"]
[Black "Mendez, Ernesto"]
[Result "0-1"]
[WhiteElo "2350"]
[BlackElo "2345"]

1.e4 c5 2.Nf3 Nc6 3.Bb5 Nf6 4.Nc3 Nd4 5.Bc4 d6 6.e5 Nxf3+ 7.Qxf3 dxe5 8.Bb5+ Nd7
9.Qg3 Qc7 10.O-O a6 11.Bxd7+ Bxd7 12.d3 f6 13.f4 exf4 14.Bxf4 e5 15.Bxe5 fxe5
16.Qg5 Be6 17.Rae1 Bd6 18.Ne4 Be7 19.Qxg7 O-O-O 20.Ng5 Bd5 21.Rxe5 Bxg5 22.Qxg5 Qd7
23.Re7 Rhg8 24.Rxd7 Rxg5 25.Rxd8+ Kxd8 26.g3 Ke7 27.Re1+ Kd6 28.Re8 Re5 29.Rd8+ Kc7
30.Rh8 Re2 31.Rxh7+ Kb6 32.c4 Bc6 33.Kf1 Rxb2 34.g4 Rxa2 35.g5 Rg2 36.h4 a5
37.Rh6 Rg4  0-1

[Event "Capablanca mem-B"]
[Site "Matanzas"]
[Date "1992.??.??"]
[Round "3"]
[White "Antunes, Antonio"]
[Black "Hernandez, Gilberto"]
[Result "1/2-1/2"]
[WhiteElo "2465"]
[BlackElo "2495"]

1.e4 c5 2.Nf3 Nc6 3.Bb5 e6 4.Bxc6 bxc6 5.O-O Ne7 6.b3 Ng6 7.Ba3 Be7 8.c3 O-O
9.d4 cxd4 10.cxd4 Ba6 11.Re1 f5 12.e5 Nf4 13.Qd2 g5 14.Bxe7 Qxe7 15.Nc3 c5
16.dxc5 Bb7 17.Red1 Bxf3 18.gxf3 Qxc5 19.Ne2 Ng6 20.Qxg5 Qxe5 21.Ng3 Kh8
22.Re1 Qc3 23.Qe3  1/2-1/2

[Event "Capablanca mem-B"]
[Site "Matanzas"]
[Date "1992.??.??"]
[Round "3"]
[White "Aldama, Degurnay"]
[Black "Remon, Adelquis"]
[Result "0-1"]
[WhiteElo "2380"]
[BlackElo "2365"]

1.e4 c5 2.Nf3 Nc6 3.Bb5 g6 4.c3 Bg7 5.O-O a6 6.Bxc6 bxc6 7.d4 cxd4 8.cxd4 Nf6
9.Nc3 O-O 10.Re1 d5 11.e5 Ne8 12.h3 Nc7 13.Na4 Bf5 14.Bd2 Ne6 15.Rc1 Qc7
16.Nc3 Qb6 17.g4 Be4 18.Nxe4 dxe4 19.Rxe4 Qxb2 20.Qc2 Qxc2 21.Rxc2 Rac8 22.Re1 Rfd8
23.Rc4 Rd5 24.Rec1 f6 25.Be3 fxe5 26.dxe5 c5 27.Rb1 Rc6 28.Rb7 Kf7 29.Re4 h6
30.Rb3 g5 31.Rc3 Rb6 32.Kg2 Rb4 33.Rxb4 cxb4 34.Rb3 a5 35.a3 bxa3 36.Rxa3 Nd8
37.h4 gxh4 38.g5 hxg5 39.Nxg5+ Kg6 40.f4 Kf5 41.Ra4 Kg4 42.Nh3 Rb5 43.Nf2+ Kf5
44.Kf3 Ne6 45.Ra3 Bh6 46.Nh3 Nc7 47.Bf2 e6 48.Bxh4 Bf8 49.Ra2 Rb3+ 50.Kg2 Kg4
51.Bd8 Rg3+ 52.Kf1 Nd5 53.Nf2+ Kf3 54.Bxa5 Bc5 55.f5 exf5 56.e6 Rg2 57.Bb6 Ne3+
58.Ke1  0-1

[Event "Capablanca mem-B"]
[Site "Matanzas"]
[Date "1992.??.??"]
[Round "4"]
[White "Lugo, Blas"]
[Black "Oblitas, Carlomagno"]
[Result "0-1"]
[WhiteElo "2415"]
[BlackElo "2425"]

1.e4 c5 2.Nf3 Nc6 3.Bb5 g6 4.c3 Nf6 5.e5 Nd5 6.O-O Bg7 7.d4 cxd4 8.cxd4 O-O
9.Nc3 Nc7 10.Bc4 d6 11.exd6 Qxd6 12.d5 Na5 13.Bb3 Bg4 14.Bg5 Nxb3 15.axb3 Rfe8
16.Re1 a6 17.Rc1 Bxc3 18.Rxc3 Nxd5 19.Rd3 e6 20.Rd4 Bxf3 21.Qxf3 Rac8 22.Rh4 Qf8
23.Rc4 b5 24.Rce4 Qg7 25.h4 h5 26.Re5 Rf8 27.g4 hxg4 28.Qxg4 Rc6 29.h5 gxh5
30.Qg2 f6 31.Rxd5 exd5 32.Qxd5+ Kh7 33.Qxc6 Qxg5+ 34.Kf1 Rf7 35.Qe4+ Qg6
36.Qd5 Rg7 37.Re6 Qg1+ 38.Ke2 Qg4+ 39.f3  0-1

[Event "Capablanca mem-B"]
[Site "Matanzas"]
[Date "1992.??.??"]
[Round "5"]
[White "Aldama, Degurnay"]
[Black "Adla, Diego"]
[Result "1-0"]
[WhiteElo "2380"]
[BlackElo "2435"]

1.e4 c5 2.Nf3 Nc6 3.Bb5 d6 4.d4 cxd4 5.Qxd4 Bd7 6.Bxc6 Bxc6 7.Nc3 Nf6 8.Bg5 e6
9.O-O-O Be7 10.Rhe1 O-O 11.Kb1 Rc8 12.Qxa7 Nxe4 13.Nxe4 Bxe4 14.Rxe4 Bxg5
15.Rb4 d5 16.Rxb7 Bf6 17.Qb6 Qe8 18.Qb5 Qd8 19.Qb6 Qe8 20.Nd4 Rc4 21.c3 e5
22.Nf5 Rc6 23.Qb5 d4 24.cxd4 exd4 25.Qd3 Qe5 26.Ng3 g6 27.a3 Bg7 28.Rb4 Re8
29.Qb3 Rd6 30.Ka2 Rd7 31.Rd3 h5 32.Rb5 Qc7 33.Rb4 Kh7 34.f3 h4 35.Ne4 Qxh2
36.Rb7 Rxb7 37.Qxb7 Kg8 38.Qd7 Rf8 39.Rd2 Qf4 40.Qd5 h3 41.gxh3 Qxf3 42.Rf2 Qe3
43.h4 d3 44.h5 gxh5 45.Rg2 Qh6 46.Ng3 Qe6 47.Qxe6 fxe6 48.Nxh5 d2 49.Rxg7+ Kh8
50.Rg1 Rf5 51.Ng3 Rf3 52.Ne4  1-0

[Event "Capablanca mem-B"]
[Site "Matanzas"]
[Date "1992.??.??"]
[Round "6"]
[White "Lugo, Blas"]
[Black "Antunes, Antonio"]
[Result "1-0"]
[WhiteElo "2415"]
[BlackElo "2465"]

1.e4 c5 2.Nf3 Nc6 3.Bb5 g6 4.O-O Bg7 5.Nc3 d6 6.h3 Bd7 7.d3 Nf6 8.Be3 O-O
9.Qd2 a6 10.Bxc6 Bxc6 11.Bh6 b5 12.Nh2 Qb6 13.Ne2 Ne8 14.Ng3 d5 15.Rae1 dxe4
16.Nxe4 Nd6 17.Bxg7 Kxg7 18.Qc3+ Kg8 19.Ng4 f6 20.Nxd6 h5 21.Qb3+ Kh8 22.Nf7+ Kg7
23.Rxe7 Ra7 24.Qe6 hxg4 25.Ne5+ Rxe7 26.Qxe7+ Kg8 27.Qe6+  1-0

[Event "Capablanca mem-B"]
[Site "Matanzas"]
[Date "1992.??.??"]
[Round "10"]
[White "Lugo, Blas"]
[Black "Remon, Adelquis"]
[Result "0-1"]
[WhiteElo "2415"]
[BlackElo "2365"]

1.e4 c5 2.Nf3 Nc6 3.Bb5 g6 4.c3 Nf6 5.e5 Nd5 6.O-O Bg7 7.d4 cxd4 8.cxd4 O-O
9.Nc3 Nc7 10.a4 a6 11.Bc4 d5 12.exd6 Qxd6 13.d5 Ne5 14.Nxe5 Bxe5 15.Bh6 Re8
16.Ne4 Qb4 17.b3 Bf5 18.Bd2 Qb6 19.Be3 Qa5 20.Bd2 Qb6 21.Be3 Qa5 22.Bc5 Nb5
23.b4 Qc7 24.Ng3 Nd6 25.Bxd6 Qxd6 26.Nxf5 gxf5 27.Ra3 Qxb4 28.Qb3 Bd6 29.Qxb4 Bxb4
30.Rg3+ Kh8 31.Rb1 a5 32.Bb5 Red8 33.Rd1 Rac8 34.Kf1 Rc5 35.Rgd3 Rc2 36.Rf3 e6
37.Bd3 Rc5 38.dxe6 fxe6 39.Re3 e5 40.Ke2 e4 41.Bb1 Rxd1 42.Kxd1 Rd5+ 43.Kc2 Rd2+
44.Kb3 Rxf2 45.g4 Bd2 46.Rh3 e3 47.Kc2 Bb4+  0-1

[Event "Capablanca mem-B"]
[Site "Matanzas"]
[Date "1992.??.??"]
[Round "12"]
[White "Lugo, Blas"]
[Black "Adla, Diego"]
[Result "1/2-1/2"]
[WhiteElo "2415"]
[BlackElo "2435"]

1.e4 c5 2.Nf3 Nc6 3.Bb5 d6 4.Bxc6+ bxc6 5.O-O Bg4 6.Re1 e5 7.c3 Be7 8.h3 Bxf3
9.Qxf3 Nf6 10.Na3 O-O 11.Nc4 Qd7 12.d3 Ne8 13.Qg4 f5 14.exf5 Nf6 15.Qf3 Nd5  1/2-1/2

[Event "Melbourne Masters"]
[Site "Melbourne"]
[Date "1992.??.??"]
[Round "2"]
[White "Kagan, Issay"]
[Black "Rogers, Ian"]
[Result "0-1"]
[WhiteElo "2380"]
[BlackElo "2550"]

1.e4 c5 2.Nf3 Nc6 3.Bb5 e6 4.O-O Nge7 5.Re1 a6 6.Bf1 d5 7.d3 b5 8.Nbd2 d4
9.g3 e5 10.Nh4 g6 11.f4 Bg7 12.Bg2 f6 13.Rf1 Be6 14.Ndf3 O-O 15.fxe5 Nxe5
16.Nxe5 fxe5 17.a4 Qd7 18.axb5 axb5 19.Rxf8+ Rxf8 20.Bd2 Nc6 21.Bf1 c4 22.Nf3 h6
23.Be2 g5 24.Kg2 Kh8 25.Ng1 g4 26.Qe1 h5 27.h4 Qb7 28.Bc1 Ne7 29.Qa5 Bf5
30.Qe1 Bxe4+ 31.dxe4 Qxe4+ 32.Kh2 Nd5 33.Bg5 Ne3 34.Bxe3 dxe3 35.Nh3 gxh3
36.Kxh3 Rf2 37.Qd1  0-1

[Event "Melbourne Masters"]
[Site "Melbourne"]
[Date "1992.??.??"]
[Round "4"]
[White "Wohl, Aleksandar H"]
[Black "Kagan, Issay"]
[Result "1-0"]
[WhiteElo "2280"]
[BlackElo "2380"]

1.e4 c5 2.Nf3 Nc6 3.Bb5 g6 4.O-O Bg7 5.Re1 Nf6 6.c3 O-O 7.d4 cxd4 8.cxd4 a6
9.Bf1 d5 10.e5 Ne4 11.Nc3 Nxc3 12.bxc3 Bg4 13.h3 Bxf3 14.Qxf3 e6 15.a4 Qd7
16.Bg5 Rfc8 17.Bf6 Na5 18.h4 Bf8 19.h5 Rc7 20.Qh3 Rac8 21.Re3 Qe8 22.Rg3 Bg7
23.Re1 Nc4 24.Qh4 Nd2 25.Rh3 Rxc3 26.hxg6 Rxh3 27.gxh7+ Kh8 28.Qxh3 Ne4 29.Bxg7+ Kxg7
30.Bd3 Kh8 31.Qh4 Qd8 32.Qf4 Qg5 33.Rxe4 Rc1+ 34.Bf1  1-0

[Event "Melitopol Cup (Women)"]
[Site "Melitopol"]
[Date "1992.??.??"]
[Round "2"]
[White "Kovalevskaya, Ekaterina"]
[Black "Stepovaia Dianchenko, Tatiana"]
[Result "1-0"]
[WhiteElo "2260"]
[BlackElo "2350"]

1.e4 c5 2.Nf3 Nc6 3.Bb5 g6 4.O-O Bg7 5.c3 Nf6 6.Re1 O-O 7.d4 cxd4 8.cxd4 d5
9.e5 Ne4 10.Bxc6 bxc6 11.Nc3 Nxc3 12.bxc3 Qa5 13.Qb3 Bg4 14.Qa3 Qc7 15.Nd2 c5
16.Nb3 cxd4 17.cxd4 f6 18.e6 f5 19.Bd2 f4 20.Rac1 Qb6 21.Ba5 Qa6 22.Rc7 Bf6
23.Nc5 Qd6 24.Qa4 Rfc8 25.Rd7 Qc6 26.Rd8+ Kg7 27.Qxc6 Rxc6 28.Rxa8 Bxd4 29.Nb3 Bf6
30.Rxa7 Rc4 31.Bd8 Kf8 32.Rc1 Bxe6 33.Rxc4 dxc4 34.Nc5  1-0

[Event "Merida op"]
[Site "Merida"]
[Date "1992.??.??"]
[Round "?"]
[White "Gonzalez, Sergio"]
[Black "Rodriguez, Ad"]
[Result "1-0"]
[WhiteElo "2305"]
[BlackElo "2220"]

1.e4 c5 2.Nf3 Nc6 3.Bb5 d6 4.O-O Bd7 5.Re1 Nf6 6.c3 a6 7.Bxc6 Bxc6 8.d4 Bxe4
9.Bg5 Bc6 10.c4 e6 11.d5 Bd7 12.Nc3 e5 13.Nxe5 Be7 14.Bxf6 gxf6 15.Ng4 Kf8
16.Nh6  1-0

[Event "Mesa op"]
[Site "Mesa"]
[Date "1992.??.??"]
[Round "?"]
[White "Antunes, Antonio"]
[Black "Vaisser, Anatoli"]
[Result "0-1"]
[WhiteElo "2465"]
[BlackElo "2580"]

1.e4 c5 2.Nf3 Nc6 3.Bb5 e6 4.O-O Nge7 5.Re1 Nd4 6.Nxd4 cxd4 7.d3 a6 8.Ba4 Nc6
9.Nd2 Be7 10.Nf3 b5 11.Bb3 O-O 12.c3 Bc5 13.Qe2 Bb7 14.cxd4 Nxd4 15.Nxd4 Bxd4
16.Be3 Qf6 17.Rab1 a5 18.a3 Rfc8 19.Bxd4 Qxd4 20.Qe3 Qxe3 21.Rxe3 a4 22.Bd1 d5
23.Kf1 Kf8 24.Ke1 Rc5 25.exd5 Bxd5 26.Bf3 Bxf3 27.Rxf3 Rc2 28.h4 Rac8 29.g3 Ke7
30.Rf4 R8c5 31.b3 axb3 32.Rxb3 e5 33.Re4 f5 34.Re2 Rc1+ 35.Kd2 Kd6 36.Ke3 g6
37.Reb2 Kc6 38.Kd2 Rf1 39.Ke2 Ra1 40.Kf3 Kb6 41.Ke3 Ka5 42.d4 exd4+ 43.Kxd4 Rac1
44.Kd3 R1c4 45.Kd2 Rd4+ 46.Ke2 Re4+ 47.Kf3 Rec4 48.Rb4 Rc3+ 49.Kf4 Rxa3 50.Kg5 Ra4
51.Rxa4+ bxa4 52.Rb7 f4+ 53.Kxf4 h5 54.f3 a3 55.g4 Ka4 56.Ra7+ Ra5 57.Re7 a2
58.Re1 Kb3 59.Ra1 Kb2 60.Rh1 a1=Q 61.Rxa1 Rxa1  0-1

[Event "Montevideo ITT"]
[Site "Montevideo"]
[Date "1992.??.??"]
[Round "10"]
[White "Bertona, Fernando"]
[Black "Adla, Diego"]
[Result "1/2-1/2"]
[WhiteElo "2325"]
[BlackElo "2435"]

1.e4 c5 2.Nf3 Nc6 3.Bb5 d6 4.O-O Bd7 5.c3 a6 6.Bxc6 Bxc6 7.Re1 Nf6 8.d4 Bxe4
9.Bg5 d5 10.Nbd2 cxd4 11.Bxf6 gxf6 12.Nxe4 dxe4 13.Nxd4 Qd5 14.Qg4 e6 15.Qxe4 O-O-O
16.Qxd5 Rxd5 17.Rad1 Bg7 18.Nf3 Rhd8 19.Rxd5 Rxd5 20.Kf1 b5 21.Ke2 f5 22.Rd1 Rxd1
23.Kxd1 Kd7 24.Ke2  1/2-1/2

[Event "Moscow ZSKS"]
[Site "Moscow"]
[Date "1992.??.??"]
[Round "?"]
[White "Cherniaev, Alexander"]
[Black "Karasev, Vladimir I"]
[Result "1-0"]
[WhiteElo "2400"]
[BlackElo "2380"]

1.e4 c5 2.Nf3 Nc6 3.Bb5 e6 4.O-O Nge7 5.b3 e5 6.Bb2 d6 7.c3 a6 8.Be2 Ng6
9.g3 f5 10.exf5 Bxf5 11.d4 e4 12.Ne1 cxd4 13.cxd4 d5 14.f3 Qb6 15.Ng2 O-O-O
16.Ne3 Bh3 17.Rf2 Nge5 18.f4 Nf3+ 19.Bxf3 exf3 20.Nc3 Qxd4 21.Qxf3 Qa7 22.Na4 Be6
23.Rc1 d4 24.Qe4 dxe3 25.Qxe6+ Kb8 26.Re2 Bb4 27.a3 Rhe8 28.Qc4 Bd2 29.Rc2 Rc8
30.Nc5 Ka8 31.Nd7 Rcd8 32.Nc5 Qb6 33.Ne6 Rd7 34.Nxg7 Rc8 35.Qe6 Rdc7 36.Ne8 Qb5
37.Nxc7+ Rxc7 38.Qc4 Qh5  1-0

[Event "Alekhine op"]
[Site "Moscow"]
[Date "1992.??.??"]
[Round "?"]
[White "Ye Rongguang"]
[Black "Sveshnikov, Evgeny"]
[Result "1/2-1/2"]
[WhiteElo "2540"]
[BlackElo "2525"]

1.e4 c5 2.Nf3 Nc6 3.Bb5 e6 4.O-O Nge7 5.c3 a6 6.Ba4 b5 7.Bc2 Bb7 8.d4 cxd4
9.Nxd4 d5 10.Nxc6 Bxc6 11.e5 Ng6 12.Re1 Qc7 13.Qd4 Bd7 14.Nd2 Bc5 15.Qg4 h5
16.Qe2 Nf4 17.Qf3 Ng6  1/2-1/2

[Event "Alekhine op"]
[Site "Moscow"]
[Date "1992.??.??"]
[Round "?"]
[White "Svidler, Peter"]
[Black "Ulibin, Mikhail"]
[Result "1/2-1/2"]
[WhiteElo "2455"]
[BlackElo "2570"]

1.e4 c5 2.Nf3 Nc6 3.Bb5 g6 4.Bxc6 bxc6 5.O-O Bg7 6.c3 e5 7.d4 cxd4 8.cxd4 exd4
9.Nxd4 Ne7 10.Nc3 O-O 11.Bg5 h6 12.Bh4  1/2-1/2

[Event "Alekhine op"]
[Site "Moscow"]
[Date "1992.??.??"]
[Round "?"]
[White "Sorokin, Maxim"]
[Black "Nenashev, Alexander"]
[Result "0-1"]
[WhiteElo "2550"]
[BlackElo "2510"]

1.e4 c5 2.Nf3 Nc6 3.Bb5 d6 4.O-O Bd7 5.Re1 a6 6.Bf1 g6 7.c3 Bg7 8.h3 e5 9.a3 Nge7
10.b4 O-O 11.d3 cxb4 12.axb4 d5 13.Nbd2 d4 14.Bb2 dxc3 15.Bxc3 Nd4 16.Nc4 Nxf3+
17.Qxf3 Nc6 18.Qe2 Be6 19.Qb2 Nd4 20.Ra5 b5 21.Ne3 Qd6 22.Ra3 Rfc8 23.Rc1 Rc6
24.Nc2 Bh6 25.Rb1 Rd8 26.Ne1 Bf8 27.Bd2 Qc7 28.Rc3 Rxc3 29.Bxc3 Rc8 30.Rc1 Bh6
31.Bd2 Qxc1 32.Bxc1 Rxc1 33.Nf3 Nxf3+ 34.gxf3 Bf4 35.Kg2 Rd1 36.Qa3 Rd2 37.Kg1 Rd1
38.Kg2 Rd2 39.Kg1 Rd1 40.Kg2  0-1

[Event "Alekhine op"]
[Site "Moscow"]
[Date "1992.??.??"]
[Round "?"]
[White "Savon, Vladimir A"]
[Black "Kiselev, Sergey"]
[Result "1/2-1/2"]
[WhiteElo "2420"]
[BlackElo "2530"]

1.e4 c5 2.Nf3 Nc6 3.Bb5 g6 4.Bxc6 dxc6 5.d3 Bg7 6.a4 Bg4 7.h3 Bxf3 8.Qxf3 Nf6
9.O-O Nd7 10.Na3 O-O 11.Qe2  1/2-1/2

[Event "Alekhine op"]
[Site "Moscow"]
[Date "1992.??.??"]
[Round "?"]
[White "Psakhis, Lev"]
[Black "Sherbakov, Ruslan"]
[Result "1/2-1/2"]
[WhiteElo "2570"]
[BlackElo "2530"]

1.e4 c5 2.Nf3 Nc6 3.Bb5 e6 4.O-O Nge7 5.c3 a6 6.Ba4 b5 7.Bc2 Bb7 8.d4 cxd4
9.Nxd4 Ng6 10.f4 Bc5 11.Be3 Qe7 12.Nd2 O-O 13.Qh5 Rac8 14.N2f3 f6 15.Rf2 Nxd4  1/2-1/2

[Event "Alekhine op"]
[Site "Moscow"]
[Date "1992.??.??"]
[Round "?"]
[White "Dolmatov, Sergey"]
[Black "Sherbakov, Ruslan"]
[Result "1/2-1/2"]
[WhiteElo "2610"]
[BlackElo "2530"]

1.e4 c5 2.Nf3 Nc6 3.Bb5 e6 4.Bxc6 bxc6 5.O-O Ne7 6.b3 Ng6 7.Bb2 f6 8.c3 Be7
9.d4 d5 10.Qe2 O-O 11.Nbd2 Qc7 12.g3 e5  1/2-1/2

[Event "Alekhine op"]
[Site "Moscow"]
[Date "1992.??.??"]
[Round "?"]
[White "Arkhipov, Sergey"]
[Black "Shumiakina, Tatiana"]
[Result "1/2-1/2"]
[WhiteElo "2485"]
[BlackElo "2310"]

1.e4 c5 2.Nf3 Nc6 3.Bb5 e6 4.O-O Nge7 5.c3 d5 6.exd5 Qxd5 7.Re1 Ng6 8.Na3 Be7
9.d4 cxd4 10.Qxd4 Qxb5 11.Nxb5 Nxd4 12.Nfxd4 O-O 13.a4 Bd7 14.Nc2 a6 15.Nbd4 e5
16.Nf3 f6 17.Be3 Be6 18.a5 Rac8 19.Bb6 Rfe8 20.Ne3 Bd8 21.Bxd8 Rexd8 22.Red1 Nf4
23.Rxd8+ Rxd8 24.Rd1 Rxd1+ 25.Nxd1 Bg4 26.Ne3 Bxf3 27.gxf3 Nd3 28.b4 Nf4
29.Kf1 g6 30.Ke1 Kf7 31.Kd2 Ke6 32.c4 h5 33.Nd1 Kd6 34.Nc3 f5 35.Ke3 Ng2+
36.Kd2 Nf4 37.Ke3  1/2-1/2